000 00316nam a22001337a 4500
003 OSt
008 201119b ||||| |||| 00| 0 eng d
100 _aATKINS, Peter
245 _aElements of Physical Chemistry
260 _aNew Delhi
_bOxford
_c2017
300 _a610
650 _aB.Sc Non Medical
942 _2ddc
_cBK
999 _c9219
_d9219